Welcome to CU Library Online Public Access Catalogue (OPAC)

Risk management and insurance (Record no. 3469)

MARC details
000 -LEADER
fixed length control field 00470nam a22001817a 4500
005 - DATE AND TIME OF LATEST TRANSACTION
control field 20250205175651.0
008 - FIXED-LENGTH DATA ELEMENTS--GENERAL INFORMATION
fixed length control field 250205b |||||||| |||| 00| 0 eng d
020 ## - INTERNATIONAL STANDARD BOOK NUMBER
International Standard Book Number 9780071232449
050 ## - LIBRARY OF CONGRESS CALL NUMBER
Classification number HG8054
Item number .5 HAR
100 ## - MAIN ENTRY--PERSONAL NAME
Personal name Harrington, Scott E.
245 ## - TITLE STATEMENT
Title Risk management and insurance
250 ## - EDITION STATEMENT
Edition statement 2nd
260 ## - PUBLICATION, DISTRIBUTION, ETC.
Place of publication, distribution, etc. Boston
Name of publisher, distributor, etc. McGraw-Hill
Date of publication, distribution, etc. c2004
300 ## - PHYSICAL DESCRIPTION
Extent xxiv,672p;
Other physical details ill.;
500 ## - GENERAL NOTE
General note includes index
700 ## - ADDED ENTRY--PERSONAL NAME
Personal name Niehaus, Gregory R.
942 ## - ADDED ENTRY ELEMENTS (KOHA)
Source of classification or shelving scheme Library of Congress Classification
Koha item type Books
Suppress in OPAC No
999 ## -
-- 3469
-- 3469
Holdings
Withdrawn status Lost status Source of classification or shelving scheme Damaged status Not for loan Collection Home library Current library Shelving location Date acquired Total checkouts Full call number Barcode Date last seen Copy number Price effective from Koha item type
    Library of Congress Classification     Non-fiction Business Library (Miotso) Business Library (Miotso) Reference 03/05/2025   HG8054.5.H37 HAR bssm00001157 03/05/2025 1 03/05/2025 Books
    Library of Congress Classification     Non-fiction Business Library (Miotso) Business Library (Miotso) Reference 03/05/2025   HG8054.5.H37 HAR bssm00001158 03/05/2025 2 03/05/2025 Books
    Library of Congress Classification     Non-fiction Undergraduate Library (Christ Temple) Undergraduate Library (Christ Temple) General stacks 02/05/2025   HG8054.5H37 HAR ulct00001071 02/05/2025 1 02/05/2025 Books
    Library of Congress Classification     Non-fiction Undergraduate Library (Christ Temple) Undergraduate Library (Christ Temple) General stacks 02/05/2025   HG8054.5H37 HAR ulct00001072 02/05/2025 2 02/05/2025 Books
© 2023-2024 Copyright: Central University Libraries. All Rights Reserved | Created by: Mahone Tech Office